000 00319nam a2200121Ia 4500
008 220216s9999 xx 000 0 und d
245 0 _aMalaysian rubber industry in the competitive mode
260 _bThe Rubber International
_c2013
300 _a16-19
650 _aMalaysia
650 _aRubber industry
942 _cJS
999 _c62401
_d62401